Humanizace práce

Myšlienky a koncepcia humanizácie práce vznikali v západnej Európe začiatkom 70-tych rokov. Riešenie vážnych sociálnych dôsledkov a prudkého rozvoja techniky. Politika humanizácie práce - uskutočňovaná vo všetkých krajinách so sociálno-trhovou ekonomikou. Uplatňovanie metód humanizácie práce - preuk...

Ausführliche Beschreibung

Gespeichert in:
Bibliographische Detailangaben
1. Verfasser: Hájek, Ladislav
Format: Buchkapitel
Sprache:Tschechisch
Schlagworte:
Tags: Tag hinzufügen
Keine Tags, Fügen Sie das erste Tag hinzu!

MARC

LEADER 00000naa a2200000 4500
001 r016088
005 20221213082413.9
041 0 |a cze 
044 |a CZ 
245 1 0 |a Humanizace práce  |c Ladislav Hájek 
520 |a Myšlienky a koncepcia humanizácie práce vznikali v západnej Európe začiatkom 70-tych rokov. Riešenie vážnych sociálnych dôsledkov a prudkého rozvoja techniky. Politika humanizácie práce - uskutočňovaná vo všetkých krajinách so sociálno-trhovou ekonomikou. Uplatňovanie metód humanizácie práce - preukázalo vysokú politickú, ekonomickú a sociálnu prospešnosť. 
610 2 0 |a humanizácia práce 
610 2 0 |a podnik 
610 2 0 |a západná Európa 
610 2 0 |a podmienky pracovné 
610 2 0 |a pracovníci 
610 2 0 |a spolurozhodovanie 
610 2 0 |a Európske spoločenstvá 
610 2 0 |a motivácia pracovná 
610 2 0 |a ochrana pracovníkov 
610 2 0 |a politika sociálna 
100 1 |a Hájek, Ladislav